Tennis - Le top 20 du classement ATP au 1er janvier 2026 - Statistiques

Statistiques générales
  • Ce quiz a été pris 58 fois
  • Le résultat moyen est 16 sur 20
Statistiques - réponses
Rang Joueur Pays Âge Points % Correct
3 Alexander Zverev Allemagne 28 5 110
100%
2 Jannik Sinner Italie 24 11 500
100%
4 Novak Djokovic Serbie 38 4 820
100%
1 Carlos Alcaraz Espagne 22 12 050
98%
12 Casper Ruud Norvège 27 2 825
94%
13 Daniil Medvedev Russie 29 2 710
92%
5 Félix Auger-Aliassime Canada 25 4 190
91%
11 Alexander Bublik Kazakhstan 28 2 845
89%
7 Alex de Minaur Australie 26 4 080
87%
16 Andrey Rublev Russie 28 2 510
85%
8 Lorenzo Musetti Italie 23 3 990
85%
9 Ben Shelton États-Unis 23 3 960
83%
6 Taylor Fritz États-Unis 28 4 085
81%
15 Holger Rune Danemark 22 2 580
79%
10 Jack Draper Royaume-Uni 24 2 990
72%
19 Jakub Mensik Tchéquie 20 2 150
68%
20 Tommy Paul États-Unis 28 2 050
68%
17 Karen Khachanov Russie 29 2 320
60%
14 Alejandro Davidovich Fokina Espagne 26 2 585
51%
18 Jiri Lehecka Tchéquie 24 2 315
51%
Aucun quiz correspondant
Distribution des résultats
% des personnes avec chaque résultat
Percentile par nombre de réponses
Votre historique - résultats
Vous n’avez pas pris ce quiz